| 000 | 00881cam a22002774a 4500 | ||
|---|---|---|---|
| 999 |
_c4096 _d4096 |
||
| 001 | 12243342 | ||
| 003 | Nust | ||
| 005 | 20170105101620.0 | ||
| 008 | 001128s2001 maua 001 0 eng | ||
| 010 | _a 00111506 | ||
| 020 | _a 978-1551807690 (pbk) | ||
| 040 |
_aDLC _cDLC _dDLC |
||
| 042 | _apcc | ||
| 050 | 0 | 0 |
_aHF5718.3 _b.W427 2001 |
| 082 | 0 | 0 |
_a808.06665 _bWAT |
| 245 | 0 | 0 | _aBusiness writing basics / |
| 246 | 3 | 0 | _aBusiness writing |
| 260 |
_aSpringfield, MA : _bFederal Street Press, _c2008. |
||
| 300 |
_avii, 170 p. : _c22 cm. |
||
| 500 | _aIncludes index. | ||
| 650 | 0 | _aBusiness writing. | |
| 710 | 2 | _aMerriam-Webster, Inc. | |
| 906 |
_a7 _bcbc _corignew _d2 _eepcn _f19 _gy-gencatlg |
||
| 942 |
_2ddc _cBK |
||